Spray foam insulation (Record no. 121388)

MARC details
000 -LEADER
fixed length control field 01771nam a22002417a 4500
001 - CONTROL NUMBER
control field 121388
008 - FIXED-LENGTH DATA ELEMENTS--GENERAL INFORMATION
fixed length control field 230303e20230303xxk|||||o|||| 00| 0 eng d
041 ## - LANGUAGE CODE
Language code of text/sound track or separate title eng
110 ## - MAIN ENTRY--CORPORATE NAME
Corporate author Royal Institution of Chartered Surveyors
245 ## - TITLE STATEMENT
Title Spray foam insulation
Subtitle a clear, impartial guide
Medium [Electronic resource]
260 ## - PUBLICATION INFORMATION
Place of publication London,
Publisher Royal Institution of Chartered Surveyors,
Date 3 March 2023
300 ## - PHYSICAL DESCRIPTION
Physical description 29p.
490 ## - SERIES TITLE
Series statement RICS Consumer Guide
520 ## - ABSTRACT
Abstract The RICS spray foam guide educates the public on the pros and cons of spray foam installation, following many years of research into the effects of this material, helping consumer confidence in making informed decisions. This informative guide covers topics such as what effects spray foam might have on a property’s roof structure, thermal performance and value - do’s and don’ts when installing insulation to your home, and how RICS-accredited members can help assess your property. The guide has been produced to inform the public about spray foam insulation after several high-profile Trading Standards cases recently reported in the media highlighted poor standards of work, illegal modifications to listed buildings and high-pressure selling to vulnerable groups, such as the elderly. Moreover, there has been concern within specific sectors of the lending market, such as equity release mortgages, which is now having a wider impact on lenders.
650 ## - KEYWORDS
Keywords SPRAY FOAM
650 ## - KEYWORDS
Keywords INSULATION
651 ## - SUBJECT ADDED ENTRY--GEOGRAPHIC NAME
Geographic name United Kingdom
690 ## - BROAD SUBJECT
9 (RLIN) 6223
Broad subject Building materials & defects
700 ## - ADDED PERSONAL NAME
Added personal author Piplica, Sam
710 ## - ADDED CORPORATE NAME
Added corporate author Royal Institution of Chartered Surveyors
856 ## - ONLINE RESOURCE
Uniform Resource Identifier <a href="https://www.rics.org/news-insights/rics-release-new-spray-foam-consumer-guide">https://www.rics.org/news-insights/rics-release-new-spray-foam-consumer-guide</a>
Public note Available free on RICS.org
942 ## - ADDED ENTRY ELEMENTS (KOHA)
Suppress in OPAC Do not suppress in OPAC
Holdings
Lost status Source of classification or shelving scheme Damaged status Not for loan Current library Shelving location Date acquired Total Checkouts Date last seen Price effective from Koha item type
  Dewey Decimal Classification     Virtual Online 03/03/2023   17/03/2023 03/03/2023 Online material